A fiatalkori bűnözés

Elmentve itt :
Bibliográfiai részletek
Szerző: Borsányi Zsuzsanna
További közreműködők: Sidlovics Ferenc (Témavezető)
Dokumentumtípus: Szakdolgozat
Megjelent: 1998
Tárgyszavak:
Online Access:http://diploma.bibl.u-szeged.hu/103968
LEADER 00624nta a2200193 i 4500
001 dipl103968
005 20210119102228.0
008 210119s1998 hu om 0|| zxx d
040 |a SZTE Diploma Repozitórium  |b hun 
041 |a zxx 
100 1 |a Borsányi Zsuzsanna 
245 1 2 |a A fiatalkori bűnözés  |h [elektronikus dokumentum] /  |c Zsuzsanna Borsányi 
260 |c 1998 
650 4 |a Pedagógusképzés 
650 4 |a Social sciences 
650 4 |a Sociology 
650 4 |a Social issues 
700 1 |a Sidlovics Ferenc  |e ths 
856 4 0 |u http://diploma.bibl.u-szeged.hu/id/eprint/103968/1/1998_borsanyi_zsuzsanna.pdf  |z Dokumentum-elérés